La IX sinfonía de Beethoven: ensayo de crítica y estética musical
Gespeichert in:
| 1. Verfasser: | |
|---|---|
| Format: | Buch |
| Sprache: | Spanisch |
| Veröffentlicht: |
Ciudad de México
Santander
1959
|
| Schlagworte: | |
| Tags: |
Tag hinzufügen
Keine Tags, Fügen Sie den ersten Tag hinzu!
|
MARC
| LEADER | 00000nam a2200000 a 4500 | ||
|---|---|---|---|
| 001 | UCN3200 | ||
| 003 | CL-VaPUC | ||
| 008 | 010622e19590000MX |||||||||||||||||spa|d | ||
| 082 | 0 | 4 | |a 784.184 |b BAR |2 21 |
| 100 | 0 | |a Barroso, Mateo H |e author |9 459614 | |
| 245 | 1 | 3 | |a La IX sinfonía de Beethoven: ensayo de crítica y estética musical |
| 300 | |a 219 p | ||
| 942 | |c BK | ||
| 945 | |d 20010622 00:00:00 |a crobeson | ||
| 260 | |a Ciudad de México |b Santander |c 1959 | ||
| 600 | 0 | |a Beethoven, Ludwig van |d 1770-1827 |e compositor |9 306286 | |
| 650 | 0 | |a Música orquestal |9 306546 | |
| 650 | 0 | |a Sinfonías |9 353494 | |
| 650 | 0 | |a Análisis musical |9 267228 | |
| 583 | |a last modification |c 20010622 00:00:00 |k Rodrigo Vera | ||
| 999 | |c 296125 |d 296123 | ||
| 952 | |0 0 |1 0 |4 0 |6 784_184000000000000_BAR_1959 |7 0 |8 A |9 349737 |a BIBEDU |b BIBEDU |d 2019-11-20 |i 1234536 |o 784.184 BAR 1959 |p 1234536 |r 2023-01-12 |w 2019-11-20 |y BK |k MUS | ||